000 01143nam a2200313 a 4500
001 000109686
003 CHAP
005 20220329144100.0
008 140520s2014 mx | |sm |||||||spa|d
010 _a106148
011 _a107120
040 _cCHAP
090 _aTesis
100 1 _aGaribaldi Márquez, Olivia
_9126934
245 1 0 _aEstudio de la cadena de frío en empresas procesadoras de productos cárnicos en México
_h[En línea]
_cpor Olivia Garibaldi Márquez.
260 _aChapingo, Méx. :
_bEl autor,
_c2014.
500 _aPara ver el contenido del material haga clic en la liga
502 _aTesis (Ing. Agroindustrial) -- UACH. Departamento de Ingeniería Agroindustrial
590 _aBATCH-UPD
_b05
_c20141002
_lUCH01
_h0904
590 _aE792CSJ
_b05
_c20140520
_lUCH01
_h1119
590 _aE792CSJ
_b05
_c20140520
_lUCH01
_h1119
650 1 4 _aAlimentos congelados
_xNormas de calidad
_94304
650 1 4 _aAlimentos
_xConservación por frío.
_94180
650 1 4 _aCarne congelada.
_919113
856 _aFinding aid
_uhttp://10.13.5.2/tesis/sist109686.pdf
_zTeclea aquí
901 _aBK
942 _cTESIS
942 _n0
999 _c106148
_d106148